Normal view
MARC view
- اداب المهن- ادارة الاعمال
Entry Topical Term
001 - CONTROL NUMBER
- control field: 62208
003 - CONTROL NUMBER IDENTIFIER
- control field: JO-AjAnu
005 - DATE AND TIME OF LATEST TRANSACTION
- control field: 20230606084148.0
008 - FIXED-LENGTH DATA ELEMENTS
- fixed length control field: 230606|| aca||aabn | a|a d
040 ## - CATALOGING SOURCE
- Original cataloging agency: JO-AjAnu
- Transcribing agency: JO-AjAnu
150 ## - HEADING--TOPICAL TERM
- Topical term or geographic name entry element: اداب المهن- ادارة الاعمال
670 ## - SOURCE DATA FOUND
- Source citation: Work cat.: (JO-AjAnu)31726: الغالبي، طاهر محسن منصور، م.مشارك صالح مهدي محسن العامري, author 62207, المسؤولية الاجتماعية واخلاقيات الاعمال:الاعمال والمجتمع=Social Responsibility &Business Ethics :Business &Society